[Event "17. Europa ch Juvenil - Masculino s14"]
[Site "Sibenik CRO"]
[Date "2007.09.17"]
[Round "4.10"]
[White "Graf, Felix"]
[Black "Nikolashvili, Giorgi"]
[Result "0-1"]
[WhiteElo "2273"]
[BlackElo "2103"]
[PlyCount "74"]
[EventDate "2007.09.14"]
[EventType "swiss"]
[EventRounds "9"]
[EventCountry "CRO"]
[Source "lmi"]
[SourceDate "2007.09.14"]

1. d4 Nf6 2. c4 e6 3. Nf3 c5 4. d5 b5 5. Bg5 exd5 6. cxd5 h6 7. Bxf6 Qxf6 8.
Qc2 d6 9. e4 a6 10. a4 b4 11. h3 g5 12. Nbd2 Bg7 13. e5 Qd8 14. exd6 O-O 15.
Nc4 Qf6 16. O-O-O Bf5 17. Bd3 b3 18. Qxb3 Bxd3 19. Qxd3 Nd7 20. Nfd2 Rab8 21.
Ne4 Qf4+ 22. Qe3 Rb4 23. b3 Rxc4+ 24. bxc4 Qe5 25. Nc3 Qxe3+ 26. fxe3 Bxc3 27.
Kc2 Bb4 28. h4 g4 29. Rdf1 Ne5 30. Rf6 Nxc4 31. Kd3 Kg7 32. Rhf1 Ne5+ 33. Ke2
c4 34. d7 a5 35. Rc6 c3 36. Rf5 Nxd7 37. e4 Nc5 0-1

[Event "17. Europa ch Juvenil - Masculino s14"]
[Site "Sibenik CRO"]
[Date "2007.09.17"]
[Round "4.11"]
[White "Piskun, Alexey"]
[Black "Popilski, Gil"]
[Result "0-1"]
[WhiteElo "2034"]
[BlackElo "2193"]
[PlyCount "76"]
[EventDate "2007.09.14"]
[EventType "swiss"]
[EventRounds "9"]
[EventCountry "CRO"]
[Source "lmi"]
[SourceDate "2007.09.14"]

1. e4 c5 2. Ne2 Nc6 3. Nbc3 e6 4. d4 cxd4 5. Nxd4 d6 6. Be3 a6 7. Be2 Nf6 8.
O-O Be7 9. a4 Qc7 10. f4 O-O 11. Bf3 Nxd4 12. Bxd4 e5 13. Bf2 exf4 14. Qd2 Be6
15. Ne2 Bc4 16. b3 Bxe2 17. Qxe2 Nd7 18. c4 Bf6 19. Rad1 Be5 20. Kh1 a5 21. Rd3
b6 22. Rfd1 Nc5 23. Bxc5 bxc5 24. Rf1 Rab8 25. Qc2 Rb7 26. Bd1 g6 27. Qe2 Kg7
28. g3 fxg3 29. hxg3 Qc6 30. Rdf3 Re7 31. Bc2 Bd4 32. Qg2 Re5 33. g4 Rg5 34.
Bd1 h5 35. e5 Qd7 36. Rf4 dxe5 37. Re4 hxg4 38. Bxg4 Rh8+ 0-1

[Event "17. Europa ch Juvenil - Masculino s14"]
[Site "Sibenik CRO"]
[Date "2007.09.17"]
[Round "4.12"]
[White "Dragomirescu, Robin-Alexandru"]
[Black "Braun, Marek"]
[Result "1-0"]
[WhiteElo "2189"]
[BlackElo "2081"]
[PlyCount "63"]
[EventDate "2007.09.14"]
[EventType "swiss"]
[EventRounds "9"]
[EventCountry "CRO"]
[Source "lmi"]
[SourceDate "2007.09.14"]

1. e4 c6 2. d4 d5 3. Nc3 dxe4 4. Nxe4 Bf5 5. Ng3 Bg6 6. h4 h6 7. Nf3 Nd7 8. h5
Bh7 9. Bd3 Bxd3 10. Qxd3 Ngf6 11. Bf4 Qa5+ 12. Bd2 Qc7 13. O-O-O e6 14. Ne4
Nxe4 15. Qxe4 Nf6 16. Qe2 Bd6 17. Ne5 O-O-O 18. Rhe1 c5 19. dxc5 Bxe5 20. Qxe5
Qxe5 21. Rxe5 Ng4 22. Re2 Rd5 23. Bc3 Rxd1+ 24. Kxd1 Rd8+ 25. Ke1 Rd5 26. Bxg7
Rxh5 27. f3 Rh1+ 28. Kd2 Nh2 29. Re1 Nf1+ 30. Kd3 h5 31. Be5 Kd7 32. Ke2 1-0

[Event "17. Europa ch Juvenil - Masculino s14"]
[Site "Sibenik CRO"]
[Date "2007.09.17"]
[Round "4.13"]
[White "Aghayev, Miragha"]
[Black "Iljiushenok, Ilia"]
[Result "0-1"]
[WhiteElo "1923"]
[BlackElo "2157"]
[PlyCount "88"]
[EventDate "2007.09.14"]
[EventType "swiss"]
[EventRounds "9"]
[EventCountry "CRO"]
[Source "lmi"]
[SourceDate "2007.09.14"]

1. c4 c5 2. Nc3 Nc6 3. Nf3 g6 4. d4 cxd4 5. Nxd4 Bg7 6. Nxc6 bxc6 7. g3 Nf6 8.
Bg2 O-O 9. O-O Qa5 10. Bd2 Qc7 11. Qc1 Ba6 12. Ne4 Nxe4 13. Bxe4 Qe5 14. Bd3
Qxb2 15. Qxb2 Bxb2 16. Rab1 Rfb8 17. Rfd1 d5 18. cxd5 Bxd3 19. exd3 cxd5 20.
Be3 f6 21. Bc5 e5 22. Rd2 Bd4 23. Rxb8+ Rxb8 24. Bxd4 exd4 25. Rc2 Rb1+ 26. Kg2
Rd1 27. Rc8+ Kf7 28. Rc7+ Ke6 29. Rxa7 Rxd3 30. a4 Ra3 31. a5 Kf5 32. a6 h5 33.
Ra8 Ke4 34. a7 Kd3 35. h3 Kd2 36. Rd8 Rxa7 37. Rxd5 d3 38. Kf3 Ra6 39. g4 h4
40. Rd8 Re6 41. Rd7 Kc2 42. Kg2 Rc6 43. Ra7 d2 44. Ra2+ Kc3 0-1

[Event "17. Europa ch Juvenil - Masculino s14"]
[Site "Sibenik CRO"]
[Date "2007.09.17"]
[Round "4.14"]
[White "Laurusas, Tomas"]
[Black "Kaphle, Stephan"]
[Result "1-0"]
[WhiteElo "1888"]
[BlackElo "2156"]
[PlyCount "85"]
[EventDate "2007.09.14"]
[EventType "swiss"]
[EventRounds "9"]
[EventCountry "CRO"]
[Source "lmi"]
[SourceDate "2007.09.14"]

1. e4 c5 2. Nf3 d6 3. d4 cxd4 4. Nxd4 Nf6 5. Nc3 a6 6. Be3 e5 7. Nf3 Be7 8. Bc4
O-O 9. O-O Nc6 10. Qe2 b5 11. Bd5 Qc7 12. Bxc6 Qxc6 13. Bg5 Be6 14. Bxf6 Bxf6
15. Rfd1 Rac8 16. a3 Be7 17. Rd2 f5 18. exf5 Bxf5 19. Nd5 Bd8 20. Nb4 Qb6 21.
Rad1 a5 22. Rxd6 axb4 23. Rxb6 Bxb6 24. Qxb5 Bxc2 25. Rf1 e4 26. Ng5 Rc5 27.
Qxb6 Rxg5 28. Qxb4 Bd3 29. Rc1 Rgf5 30. Qd4 Rg5 31. h3 h6 32. Rc6 Kh7 33. a4
Rf3 34. Kh2 Rf4 35. Rc3 Rgf5 36. Kg1 Rf7 37. b4 Ba6 38. b5 Bb7 39. a5 Re7 40.
Qe3 Rf8 41. a6 Bc8 42. Qc5 Ref7 43. Qxc8 1-0

[Event "17. Europa ch Juvenil - Masculino s14"]
[Site "Sibenik CRO"]
[Date "2007.09.17"]
[Round "4.15"]
[White "Kovalev, Vladislav"]
[Black "Meskovs, Nikita"]
[Result "1/2-1/2"]
[WhiteElo "2154"]
[BlackElo "2036"]
[PlyCount "34"]
[EventDate "2007.09.14"]
[EventType "swiss"]
[EventRounds "9"]
[EventCountry "CRO"]
[Source "lmi"]
[SourceDate "2007.09.14"]

1. e4 c5 2. Nf3 e6 3. Nc3 a6 4. d4 cxd4 5. Nxd4 Qc7 6. Bd3 Nf6 7. f4 b5 8. e5
b4 9. Ne4 Nxe4 10. Bxe4 Bb7 11. Qf3 Nc6 12. Nxc6 Bxc6 13. Bxc6 dxc6 14. Be3 Rd8
15. O-O Be7 16. Rac1 O-O 17. c3 Qa5 1/2-1/2

[Event "17. Europa ch Juvenil - Masculino s14"]
[Site "Sibenik CRO"]
[Date "2007.09.17"]
[Round "4.18"]
[White "Tomazini, Zan"]
[Black "Urjubdshzirov, Erdni"]
[Result "0-1"]
[WhiteElo "2050"]
[BlackElo "2220"]
[PlyCount "155"]
[EventDate "2007.09.14"]
[EventType "swiss"]
[EventRounds "9"]
[EventCountry "CRO"]
[Source "lmi"]
[SourceDate "2007.09.14"]

1. e4 c5 2. c3 Nf6 3. e5 Nd5 4. d4 cxd4 5. cxd4 e6 6. Bc4 Nb6 7. Bb3 d6 8. Nf3
Be7 9. Bf4 O-O 10. O-O Nc6 11. Qe2 dxe5 12. Bxe5 Nxe5 13. dxe5 Bd7 14. Rd1 Qc7
15. Nc3 Rad8 16. Rac1 Qb8 17. Nd4 Bg5 18. Rc2 Bf4 19. Re1 Be8 20. Qe4 Bxe5 21.
Nf3 Bf6 22. Qg4 Bc6 23. Rce2 Bxf3 24. Qxf3 Bxc3 25. Qxc3 Rd6 26. Qh3 Rfd8 27.
Bc2 g6 28. Re3 Nd5 29. Rf3 Rc6 30. Bb3 Nf4 31. Qh6 Qe5 32. Rfe3 Qf5 33. h4 Nd3
34. Rf3 Qa5 35. Ree3 Ne5 36. Rf4 Rc1+ 37. Kh2 Qc7 38. Qg5 Rc5 39. Qg3 Nd3 40.
Ra4 Nxf2 41. Qxc7 Rxc7 42. Re2 b5 43. Rb4 Nd3 44. Rxb5 Rd4 45. g3 e5 46. Bc2
Nc1 47. Rf2 e4 48. Re5 f5 49. g4 Nd3 50. Bxd3 exd3 51. Rd2 Rxg4 52. Rxd3 Rxh4+
53. Kg3 Rg4+ 54. Kf3 Rb4 55. b3 Kf7 56. a3 Rb6 57. b4 Kf6 58. Ra5 h5 59. Kg3
Kg5 60. Rad5 Rf7 61. R3d4 Re7 62. a4 h4+ 63. Kg2 Re2+ 64. Kh3 Rbe6 65. Rd3
R6e3+ 66. Rxe3 Rxe3+ 67. Kh2 Kg4 68. b5 Ra3 69. Rd4+ f4 70. Kg1 Kg3 71. Rd1 f3
72. b6 axb6 73. a5 bxa5 74. Kh1 Kh3 75. Kg1 Ra2 76. Rd3 Kg3 77. Rd1 Rg2+ 78.
Kh1 0-1

[Event "17. Europa ch Juvenil - Masculino s14"]
[Site "Sibenik CRO"]
[Date "2007.09.17"]
[Round "4.19"]
[White "Stella, Andrea"]
[Black "Straubinger, Daniel"]
[Result "1-0"]
[WhiteElo "2132"]
[BlackElo "2019"]
[PlyCount "94"]
[EventDate "2007.09.14"]
[EventType "swiss"]
[EventRounds "9"]
[EventCountry "CRO"]
[Source "lmi"]
[SourceDate "2007.09.14"]

1. d4 d5 2. c4 c6 3. Nc3 Nf6 4. cxd5 cxd5 5. Bf4 Nc6 6. e3 a6 7. Bd3 Bg4 8.
Nge2 e6 9. Rc1 Be7 10. Qb3 Na5 11. Qa4+ Nc6 12. Qb3 Na5 13. Qa4+ Nc6 14. a3 O-O
15. b4 b5 16. Qb3 Rc8 17. O-O Bh5 18. Bg3 Bg6 19. Nf4 Nd7 20. Bxg6 hxg6 21.
Nxe6 fxe6 22. Nxd5 exd5 23. Qxd5+ Kh7 24. Rxc6 Rxc6 25. Qxc6 Rf6 26. Qb7 Rb6
27. Qe4 Nf6 28. Qc2 Qd5 29. Rc1 Bd6 30. f3 Qg5 31. Bf2 Nd5 32. Qb3 Rb7 33. f4
Qf5 34. Rc6 Qd7 35. Rc2 Rc7 36. e4 Rxc2 37. Qxc2 Nc7 38. Kf1 a5 39. bxa5 Bxa3
40. Ke2 Kg8 41. d5 Bd6 42. Kd3 Kf7 43. g3 Na6 44. g4 Be5 45. Bd4 Nb4+ 46. Kc3
Nxc2 47. Kb2 Bxd4+ 1-0

[Event "17. Europa ch Juvenil - Masculino s14"]
[Site "Sibenik CRO"]
[Date "2007.09.17"]
[Round "4.20"]
[White "Szabo, Bence"]
[Black "Marguerettaz, Davy"]
[Result "1-0"]
[WhiteElo "2131"]
[BlackElo "2005"]
[PlyCount "73"]
[EventDate "2007.09.14"]
[EventType "swiss"]
[EventRounds "9"]
[EventCountry "CRO"]
[Source "lmi"]
[SourceDate "2007.09.14"]

1. d4 Nf6 2. c4 e6 3. Nc3 Bb4 4. Qc2 Nc6 5. Nf3 d6 6. Bd2 O-O 7. a3 Bxc3 8.
Bxc3 a5 9. g3 Qe7 10. Bg2 e5 11. d5 Nb8 12. O-O a4 13. Nh4 g6 14. e4 Nh5 15.
Rae1 Nd7 16. Bd2 Nc5 17. Bh6 Ng7 18. Qd2 Nb3 19. Qc3 b6 20. f4 f6 21. f5 g5 22.
Nf3 g4 23. Nd2 Nc5 24. Rf2 Qf7 25. Bf1 Qh5 26. Be3 Qf7 27. h3 Qh5 28. Be2 Qf7
29. hxg4 Nd7 30. Rh2 Rd8 31. Kg2 Nf8 32. Reh1 Bb7 33. g5 fxg5 34. Nf3 g4 35.
Ng5 Qf6 36. Rh6 Qe7 37. f6 1-0

[Event "17. Europa ch Juvenil - Masculino s14"]
[Site "Sibenik CRO"]
[Date "2007.09.17"]
[Round "4.21"]
[White "Manoeuvre, Antoine"]
[Black "Straka, Josef Jr"]
[Result "1/2-1/2"]
[WhiteElo "2101"]
[BlackElo "2004"]
[PlyCount "64"]
[EventDate "2007.09.14"]
[EventType "swiss"]
[EventRounds "9"]
[EventCountry "CRO"]
[Source "lmi"]
[SourceDate "2007.09.14"]

1. d4 d5 2. c4 e6 3. Nc3 Nf6 4. Bg5 Be7 5. Nf3 O-O 6. e3 Nbd7 7. Qc2 c6 8. cxd5
exd5 9. Bd3 Re8 10. O-O h6 11. Bf4 Bf8 12. Rab1 a5 13. a3 b6 14. b4 axb4 15.
axb4 Bb7 16. Rfd1 Qe7 17. Nd2 Nh5 18. Bg3 Nxg3 19. hxg3 Qf6 20. Nf3 Bd6 21. Bf5
Nf8 22. b5 Bb8 23. Bh3 Ra5 24. bxc6 Qxc6 25. Rdc1 Bc8 26. Bxc8 Rxc8 27. Qf5 Qd7
28. Qxd7 Nxd7 29. Ne2 Rc4 30. Nd2 Rxc1+ 31. Nxc1 Bd6 32. Nd3 Kf8 1/2-1/2

[Event "17. Europa ch Juvenil - Masculino s14"]
[Site "Sibenik CRO"]
[Date "2007.09.17"]
[Round "4.22"]
[White "Nestorovic, Lazar"]
[Black "Kantans, Toms"]
[Result "0-1"]
[WhiteElo "2086"]
[BlackElo "1928"]
[PlyCount "108"]
[EventDate "2007.09.14"]
[EventType "swiss"]
[EventRounds "9"]
[EventCountry "CRO"]
[Source "lmi"]
[SourceDate "2007.09.14"]

1. e4 d5 2. exd5 Qxd5 3. Nc3 Qd6 4. g3 Nf6 5. Bg2 a6 6. d4 Bg4 7. Nf3 Nc6 8.
O-O O-O-O 9. Be3 e5 10. dxe5 Nxe5 11. Qxd6 Bxd6 12. Ng5 Rhe8 13. Nge4 Nf3+ 14.
Bxf3 Bxf3 15. Nxd6+ Rxd6 16. Rfe1 Nd7 17. Ne2 Ne5 18. Nd4 Be4 19. Kf1 c5 20.
Nb3 Nf3 21. Rad1 Nxh2+ 22. Kg1 Nf3+ 23. Kf1 Nh2+ 24. Kg1 Rxd1 25. Rxd1 Ng4 26.
Nxc5 Bf3 27. Rd4 Re5 28. Rf4 Nxe3 29. Nd3 Rf5 30. fxe3 Rxf4 31. exf4 Be4 32.
Ne1 Kd7 33. Kf2 Kd6 34. Ke3 Bf5 35. Kd4 h5 36. c4 f6 37. Nf3 Bg4 38. Nd2 Bf5
39. Nf3 a5 40. b3 Bc2 41. c5+ Kd7 42. Kc4 Bd1 43. Nd4 g5 44. fxg5 fxg5 45. a3
h4 46. gxh4 gxh4 47. Nf5 h3 48. Ng3 h2 49. b4 Be2+ 50. Kb3 axb4 51. Kxb4 Kc7
52. a4 Kb8 53. a5 Ka7 54. Nxe2 h1=Q 0-1

[Event "17. Europa ch Juvenil - Masculino s14"]
[Site "Sibenik CRO"]
[Date "2007.09.18"]
[Round "5.1"]
[White "Arribas Lopez, Angel"]
[Black "Sjugirov, Sanan"]
[Result "1/2-1/2"]
[WhiteElo "2292"]
[BlackElo "2407"]
[PlyCount "109"]
[EventDate "2007.09.14"]
[EventType "swiss"]
[EventRounds "9"]
[EventCountry "CRO"]
[Source "lmi"]
[SourceDate "2007.09.14"]

1. e4 c5 2. Nf3 d6 3. c3 Nf6 4. h3 Nc6 5. Bd3 d5 6. e5 Nd7 7. Bb5 e6 8. O-O Qb6
9. Bxc6 Qxc6 10. d3 Be7 11. Qe2 h6 12. Nbd2 b6 13. Re1 Bb7 14. Nf1 d4 15. cxd4
cxd4 16. Ng3 Qd5 17. Nh5 g5 18. Qd1 Rg8 19. Re4 Qc5 20. Re1 Rc8 21. Bd2 Qc2 22.
Nxd4 Qxd3 23. Bc3 Qxd1 24. Raxd1 a6 25. f3 b5 26. Nf5 Bc5+ 27. Kh1 exf5 28. e6
fxe6 29. Rxe6+ Kf7 30. Rxh6 Nf8 31. Rf6+ Ke7 32. Rxf5 Ne6 33. Bf6+ Ke8 34. Re5
Rc6 35. Ng3 Kf7 36. Ne4 Bd4 37. Rxd4 Nxd4 38. Re7+ Kg6 39. Bxd4 Rc1+ 40. Kh2
Bxe4 41. Rxe4 Rc6 42. Kg3 Rd8 43. Bc3 Rdd6 44. Kg4 Re6 45. Rxe6+ Rxe6 46. g3
Re2 47. f4 gxf4 48. Kxf4 b4 49. Bxb4 Rxb2 50. a3 Kh5 51. Be1 Rb3 52. Bb4 Rb1
53. Kf3 Rb3+ 54. Kf4 Rb1 55. Ke4 1/2-1/2

[Event "17. Europa ch Juvenil - Masculino s14"]
[Site "Sibenik CRO"]
[Date "2007.09.18"]
[Round "5.2"]
[White "Urkedal, Frode"]
[Black "Baghdasaryan, Vahe"]
[Result "1/2-1/2"]
[WhiteElo "2235"]
[BlackElo "2094"]
[PlyCount "115"]
[EventDate "2007.09.14"]
[EventType "swiss"]
[EventRounds "9"]
[EventCountry "CRO"]
[Source "lmi"]
[SourceDate "2007.09.14"]

1. d4 Nf6 2. Nf3 e6 3. Bf4 c5 4. e3 b6 5. Nbd2 Bb7 6. Bd3 Be7 7. h3 O-O 8. c3
d6 9. O-O Nc6 10. Qe2 Re8 11. Bh2 cxd4 12. cxd4 Nd7 13. a3 Nf8 14. Rac1 a6 15.
Rc2 b5 16. Rfc1 Qb6 17. Ne4 Na5 18. Nfd2 f5 19. Nc3 Rac8 20. d5 Bf6 21. b4 Bxc3
22. Rxc3 Rxc3 23. Rxc3 Nc4 24. Bxc4 bxc4 25. Nxc4 Qb5 26. Qd2 Qxd5 27. Qxd5
Bxd5 28. Nxd6 Rd8 29. f3 Ng6 30. Kf2 f4 31. Rc8 Rxc8 32. Nxc8 e5 33. exf4 exf4
34. Nb6 Be6 35. a4 Kf7 36. a5 Ne5 37. b5 axb5 38. Bxf4 Nc4 39. Nxc4 Bxc4 40. a6
b4 41. a7 Bd5 42. Be5 g6 43. f4 Ke6 44. g4 g5 45. Ke3 gxf4+ 46. Kxf4 Kd7 47.
Kg5 Kc8 48. Kh6 Be4 49. a8=Q+ Bxa8 50. Kxh7 Kd7 51. h4 Ke6 52. Bb2 Bf3 53. g5
Kf5 54. Bf6 Kg4 55. g6 b3 56. g7 Bd5 57. Kh6 b2 58. Bxb2 1/2-1/2

[Event "17. Europa ch Juvenil - Masculino s14"]
[Site "Sibenik CRO"]
[Date "2007.09.18"]
[Round "5.3"]
[White "Aghasaryan, Robert"]
[Black "Bogdanovich, Stanislav"]
[Result "1/2-1/2"]
[WhiteElo "2198"]
[BlackElo "2217"]
[PlyCount "82"]
[EventDate "2007.09.14"]
[EventType "swiss"]
[EventRounds "9"]
[EventCountry "CRO"]
[Source "lmi"]
[SourceDate "2007.09.14"]

1. d4 d5 2. c4 c6 3. cxd5 cxd5 4. Bf4 Nf6 5. e3 Nc6 6. Bd3 Bg4 7. Ne2 e6 8.
Nbc3 Bd6 9. Bxd6 Qxd6 10. h3 Bxe2 11. Qxe2 O-O 12. O-O e5 13. dxe5 Qxe5 14.
Rfd1 Rad8 15. Rac1 Rfe8 16. Bb5 d4 17. exd4 Nxd4 18. Qxe5 Rxe5 19. Bf1 Kf8 20.
Nb5 Red5 21. Nxd4 Rxd4 22. Rxd4 Rxd4 23. Rc7 Rd1 24. g3 Ne4 25. Kg2 Nd6 26. Rc2
Ke7 27. Be2 Rd4 28. Kf3 Kd7 29. Rc3 h6 30. Bd3 Rb4 31. b3 Rd4 32. Ke3 Rd5 33.
a3 Re5+ 34. Kd2 g5 35. b4 b6 36. Rc1 a5 37. f3 f5 38. f4 gxf4 39. gxf4 Re7 40.
bxa5 bxa5 41. Rc5 Ne4+ 1/2-1/2

[Event "17. Europa ch Juvenil - Masculino s14"]
[Site "Sibenik CRO"]
[Date "2007.09.18"]
[Round "5.4"]
[White "Zherebukh, Yaroslav"]
[Black "Dragomirescu, Robin-Alexandru"]
[Result "1-0"]
[WhiteElo "2418"]
[BlackElo "2189"]
[PlyCount "63"]
[EventDate "2007.09.14"]
[EventType "swiss"]
[EventRounds "9"]
[EventCountry "CRO"]
[Source "lmi"]
[SourceDate "2007.09.14"]

1. e4 e5 2. Nf3 Nc6 3. Bb5 a6 4. Ba4 Nf6 5. O-O Be7 6. Re1 b5 7. Bb3 d6 8. c3
O-O 9. h3 Na5 10. Bc2 c5 11. d4 Qc7 12. Nbd2 Bd7 13. d5 c4 14. Nf1 Nb7 15. N3h2
Nc5 16. g4 g6 17. Ng3 Ne8 18. f4 Ng7 19. Nf3 f6 20. Be3 a5 21. Qd2 Rab8 22. f5
g5 23. h4 h6 24. Kg2 Kf7 25. Rh1 b4 26. hxg5 hxg5 27. cxb4 axb4 28. Nxg5+ fxg5
29. Bxg5 c3 30. Qe3 cxb2 31. Raf1 Bf6 32. Bxf6 1-0

[Event "17. Europa ch Juvenil - Masculino s14"]
[Site "Sibenik CRO"]
[Date "2007.09.18"]
[Round "5.5"]
[White "Stukopin, Andrey"]
[Black "Petenyi, Tamas"]
[Result "1/2-1/2"]
[WhiteElo "2349"]
[BlackElo "2180"]
[PlyCount "35"]
[EventDate "2007.09.14"]
[EventType "swiss"]
[EventRounds "9"]
[EventCountry "CRO"]
[Source "lmi"]
[SourceDate "2007.09.14"]

1. e4 c5 2. c3 d5 3. exd5 Qxd5 4. d4 Nc6 5. Nf3 Nf6 6. Be2 e6 7. Na3 cxd4 8.
Nb5 Qd8 9. Nbxd4 Nxd4 10. Qxd4 Qxd4 11. Nxd4 a6 12. Bf4 Bd7 13. Bf3 O-O-O 14.
O-O Bc5 15. Rfd1 Bxd4 16. cxd4 Bc6 17. Rac1 Nd5 18. Be5 1/2-1/2

[Event "17. Europa ch Juvenil - Masculino s14"]
[Site "Sibenik CRO"]
[Date "2007.09.18"]
[Round "5.6"]
[White "Iljiushenok, Ilia"]
[Black "Swiercz, Dariusz"]
[Result "0-1"]
[WhiteElo "2157"]
[BlackElo "2281"]
[PlyCount "166"]
[EventDate "2007.09.14"]
[EventType "swiss"]
[EventRounds "9"]
[EventCountry "CRO"]
[Source "lmi"]
[SourceDate "2007.09.14"]

1. e4 c5 2. Nc3 a6 3. f4 b5 4. Nf3 Bb7 5. d3 e6 6. g3 b4 7. Nb1 d5 8. exd5 exd5
9. Bg2 Nf6 10. O-O Be7 11. c3 Nc6 12. h3 Qb6 13. Nbd2 a5 14. Ne5 O-O 15. Ndf3
c4+ 16. d4 Rad8 17. Nxc6 Bxc6 18. Ne5 Bd6 19. Kh2 Rfe8 20. Bd2 Bb5 21. Qc2 Qb7
22. Rae1 Ne4 23. Rxe4 b3 24. Qb1 bxa2 25. Qc2 dxe4 26. Bxe4 Qc8 27. Bxh7+ Kf8
28. Bf5 Qb7 29. Bg4 Kg8 30. Bf3 Qc7 31. Ra1 Bxe5 32. fxe5 Bc6 33. Bxc6 Qxc6 34.
Rxa2 Qd5 35. Bf4 Re6 36. Qe2 Rb8 37. h4 Rb5 38. h5 Reb6 39. Kg1 Qb7 40. Bc1 Qc6
41. Qg4 Qe6 42. Qxe6 Rxe6 43. Ra4 Rc6 44. Kg2 f6 45. exf6 Rxh5 46. fxg7 Kxg7
47. Kf3 Kf6 48. Ke4 Re6+ 49. Kf3 Rc6 50. Ke4 Ke6 51. Bf4 Rb5 52. g4 Rc8 53. g5
Rxb2 54. d5+ Kf7 55. Rxa5 Re2+ 56. Kf5 Rf8 57. Bd6 Rf2+ 58. Ke4 Re8+ 59. Kd4
Rc8 60. Ra7+ Kg6 61. Bc7 Kxg5 62. Kxc4 Rd2 63. Kc5 Kf5 64. c4 Rc2 65. Kb5 Rh8
66. c5 Ke4 67. Kc6 Rh6+ 68. d6 Kd4 69. Bb6 Kc4 70. Ra4+ Kb3 71. Re4 Rd2 72. Re7
Kc4 73. Kc7 Kb5 74. Rd7 Rd1 75. Rf7 Rd3 76. Kd7 Rc3 77. Rf5 Rh7+ 78. Kc8 Rd3
79. Rf6 Rd1 80. Re6 Rd3 81. Kb8 Kc6 82. Re8 Rb7+ 83. Kc8 Ra3 0-1

[Event "17. Europa ch Juvenil - Masculino s14"]
[Site "Sibenik CRO"]
[Date "2007.09.18"]
[Round "5.7"]
[White "Plat, Vojtech"]
[Black "Laurusas, Tomas"]
[Result "1-0"]
[WhiteElo "2279"]
[BlackElo "1888"]
[PlyCount "55"]
[EventDate "2007.09.14"]
[EventType "swiss"]
[EventRounds "9"]
[EventCountry "CRO"]
[Source "lmi"]
[SourceDate "2007.09.14"]

1. e4 c5 2. Nf3 e6 3. d4 cxd4 4. Nxd4 a6 5. Nc3 Qc7 6. Bd3 Nc6 7. Nxc6 bxc6 8.
O-O Nf6 9. f4 Bc5+ 10. Kh1 d5 11. Qe2 Bb7 12. f5 e5 13. Bg5 Be7 14. Bd2 O-O 15.
Rae1 Rfe8 16. Rf3 Bb4 17. Rg3 Bxc3 18. bxc3 dxe4 19. Bxe4 Nxe4 20. Qxe4 f6 21.
Qh4 Qd6 22. Rd3 Qe7 23. Rh3 Qf7 24. Qxh7+ Kf8 25. Be3 Qd5 26. Rg3 Re7 27. Bc5
Rae8 28. Qxg7# 1-0

[Event "17. Europa ch Juvenil - Masculino s14"]
[Site "Sibenik CRO"]
[Date "2007.09.18"]
[Round "5.8"]
[White "Gretarsson, Hjorvar Stein"]
[Black "Kanarek, Marcel"]
[Result "1-0"]
[WhiteElo "2168"]
[BlackElo "2226"]
[PlyCount "61"]
[EventDate "2007.09.14"]
[EventType "swiss"]
[EventRounds "9"]
[EventCountry "CRO"]
[Source "lmi"]
[SourceDate "2007.09.14"]

1. c4 g6 2. d4 Nf6 3. Nc3 Bg7 4. e4 d6 5. f3 O-O 6. Nge2 Nbd7 7. Bg5 c5 8. Qd2
a6 9. Bh6 Bxh6 10. Qxh6 b5 11. Rd1 Qa5 12. Nc1 bxc4 13. d5 Rb8 14. Rd2 Ne5 15.
Be2 e6 16. O-O exd5 17. exd5 Bf5 18. g4 Bd3 19. h3 Bxe2 20. N1xe2 Rfe8 21. Ng3
Qd8 22. f4 Nd3 23. f5 Rxb2 24. Rxb2 Nxb2 25. g5 Re3 26. gxf6 Rxg3+ 27. Kh2 Qxf6
28. Ne4 Qe5 29. Nxg3 Nd3 30. f6 Qb2+ 31. Kh1 1-0

[Event "17. Europa ch Juvenil - Masculino s14"]
[Site "Sibenik CRO"]
[Date "2007.09.18"]
[Round "5.10"]
[White "Nikolashvili, Giorgi"]
[Black "Kovalev, Vladislav"]
[Result "0-1"]
[WhiteElo "2103"]
[BlackElo "2154"]
[PlyCount "44"]
[EventDate "2007.09.14"]
[EventType "swiss"]
[EventRounds "9"]
[EventCountry "CRO"]
[Source "lmi"]
[SourceDate "2007.09.14"]

1. d4 Nf6 2. c4 g6 3. Nc3 Bg7 4. e4 d6 5. Nf3 O-O 6. Be2 e5 7. O-O Nc6 8. Be3
Ng4 9. Bg5 f6 10. Bc1 f5 11. Bg5 Qe8 12. dxe5 Ngxe5 13. Nd5 Qf7 14. Nd2 Nd4 15.
Be3 Nxe2+ 16. Qxe2 c6 17. Nf4 g5 18. Nd3 f4 19. Bd4 Bg4 20. Nxe5 Bxe2 21. Nxf7
Bxf1 22. Nxg5 Bxd4 0-1

[Event "17. Europa ch Juvenil - Masculino s14"]
[Site "Sibenik CRO"]
[Date "2007.09.18"]
[Round "5.11"]
[White "Okun, Evgeny"]
[Black "Ter-Sahakyan, Samvel"]
[Result "0-1"]
[WhiteElo "2051"]
[BlackElo "2343"]
[PlyCount "90"]
[EventDate "2007.09.14"]
[EventType "swiss"]
[EventRounds "9"]
[EventCountry "CRO"]
[Source "lmi"]
[SourceDate "2007.09.14"]

1. g3 Nf6 2. Bg2 d5 3. d3 e5 4. c4 dxc4 5. Qa4+ c6 6. Qxc4 Be6 7. Qc2 Bd6 8.
Nc3 h6 9. Nf3 O-O 10. O-O Nbd7 11. Bd2 Qe7 12. d4 Rad8 13. Rfd1 Rfe8 14. dxe5
Nxe5 15. Nxe5 Bxe5 16. Be3 c5 17. Rxd8 Rxd8 18. Rd1 Rxd1+ 19. Nxd1 b6 20. b3 a5
21. Nb2 Bxb2 22. Qxb2 Bd5 23. Qc2 Bxg2 24. Kxg2 Nd5 25. Qd3 Nb4 26. Qb1 Qb7+
27. f3 Qd5 28. a3 Nc6 29. Qd3 Qxd3 30. exd3 Kf8 31. Kf2 Ke7 32. Ke2 Ke6 33. Kd2
Kd5 34. h3 Nd4 35. Bxd4 Kxd4 36. f4 b5 37. g4 g5 38. f5 b4 39. axb4 axb4 40. f6
Ke5 41. Ke2 Ke6 42. Kf3 Kxf6 43. Ke4 Ke6 44. d4 cxd4 45. Kxd4 f5 0-1

[Event "17. Europa ch Juvenil - Masculino s14"]
[Site "Sibenik CRO"]
[Date "2007.09.18"]
[Round "5.12"]
[White "Urjubdshzirov, Erdni"]
[Black "Rzayev, Bahruz"]
[Result "0-1"]
[WhiteElo "2220"]
[BlackElo "2073"]
[PlyCount "46"]
[EventDate "2007.09.14"]
[EventType "swiss"]
[EventRounds "9"]
[EventCountry "CRO"]
[Source "lmi"]
[SourceDate "2007.09.14"]

1. e4 c5 2. Nf3 Nc6 3. d4 cxd4 4. Nxd4 Nf6 5. Nc3 e5 6. Ndb5 d6 7. Bg5 a6 8.
Na3 b5 9. Nd5 Be7 10. Bxf6 Bxf6 11. c4 Nd4 12. cxb5 Bg5 13. b6 O-O 14. Bd3 Bb7
15. Nc7 f5 16. Nxa8 fxe4 17. Bc4+ d5 18. Nc7 dxc4 19. O-O Bf4 20. Ne6 Bxh2+ 21.
Kxh2 Qh4+ 22. Kg1 Nf3+ 23. gxf3 exf3 0-1

[Event "17. Europa ch Juvenil - Masculino s14"]
[Site "Sibenik CRO"]
[Date "2007.09.18"]
[Round "5.13"]
[White "Lagarde, Maxime"]
[Black "Firat, Burak"]
[Result "0-1"]
[WhiteElo "2200"]
[BlackElo "2113"]
[PlyCount "86"]
[EventDate "2007.09.14"]
[EventType "swiss"]
[EventRounds "9"]
[EventCountry "CRO"]
[Source "lmi"]
[SourceDate "2007.09.14"]

1. e4 c5 2. Nf3 Nc6 3. d4 cxd4 4. Nxd4 Nf6 5. Nc3 e5 6. Ndb5 d6 7. Bg5 a6 8.
Na3 b5 9. Bxf6 gxf6 10. Nd5 f5 11. c3 Bg7 12. Bd3 Be6 13. Nxb5 axb5 14. Bxb5
Bd7 15. exf5 O-O 16. O-O e4 17. Re1 Re8 18. a4 Re5 19. Ne3 Qe7 20. Nd5 Qd8 21.
Ne3 Qe7 22. Nc4 Rxf5 23. Nxd6 Re5 24. Nc4 Re6 25. Nb6 Rd8 26. Nxd7 Rxd7 27. Qc2
Rc7 28. Bc4 Re5 29. Rad1 h6 30. Re3 Kh7 31. f4 Qc5 32. Qf2 Re8 33. Bd5 f5 34.
g4 Nd4 35. cxd4 Qxd5 36. Rh3 fxg4 37. Rc3 Rxc3 38. bxc3 e3 39. Qc2+ Re4 40. c4
Qf5 41. d5 e2 42. Re1 Qxf4 43. Rxe2 Bd4+ 0-1